| 000 | 00757nam a22002055i 4500 | ||
|---|---|---|---|
| 001 | 164777 | ||
| 003 | ES-MaACL | ||
| 005 | 20231229063051.0 | ||
| 008 | 940615s1860 sp |||| | spa d | ||
| 040 |
_aCAM _bspa |
||
| 100 | 1 |
_aSanz del Río, Julián, _d1814-1869 _9132463 |
|
| 245 | 1 | 0 |
_aSistema de la filosofía _b: metafísica : primera parte / _canálisis expuesto por Julián Sanz del Río. |
| 260 |
_aMadrid : _b[s.n.], _c1860 ( _fImprenta de Manuel Galiano) |
||
| 300 |
_aLXXVI, 572 p. ; _c19 cm. |
||
| 500 | _aNo se publicó más. | ||
| 594 | _aPrecede al tít. : C.CR.F. Krause. | ||
| 600 | 1 | 4 |
_aKrause, Karl Christian Friedrich. _968762 |
| 852 |
_aES-MaACL _jR-2885 _z-- Enc. piel _x Olim:G-1273 |
||
| 999 |
_c164777 _d164777 |
||